Fr. Conceicao Rodrigues College of Engineering

Communication networks:Principles and practice (Record no. 33924)

MARC details
000 -LEADER
fixed length control field 00355nam a2200157Ia 4500
082 ## - DEWEY DECIMAL CLASSIFICATION NUMBER
Classification number 4.65
Item number KAS
100 ## - MAIN ENTRY--PERSONAL NAME
Personal name Kasera/Sumit/ Narang/N
245 ## - TITLE STATEMENT
Title Communication networks:Principles and practice
260 ## - PUBLICATION, DISTRIBUTION, ETC.
Name of publisher, distributor, etc. Tata McGraw Hill
Date of publication, distribution, etc. 2005
366 ## - TRADE AVAILABILITY INFORMATION
Publishers's discount category 25
300 ## - PHYSICAL DESCRIPTION
Extent 389
546 ## - LANGUAGE NOTE
Language note ENGLISH
650 ## - SUBJECT ADDED ENTRY--TOPICAL TERM
Topical term or geographic name entry element Networks
654 ## - SUBJECT ADDED ENTRY--FACETED TOPICAL TERMS
Focus term networks
942 ## - ADDED ENTRY ELEMENTS (KOHA)
Koha item type BOOK
Holdings
Withdrawn status Lost status Damaged status Not for loan Collection Home library Current library Date acquired Source of acquisition Cost, normal purchase price Inventory number Total Checkouts Full call number Barcode Date last seen Cost, replacement price Price effective from Koha item type Date due Date last checked out
        CRC Fr. Agnel's C.Rodrigues College of Engineering Fr. Agnel's C.Rodrigues College of Engineering 17/03/2023 Dharma Enterprises 281.25 1577 dt 06/08/2009   4.65 KAS 19900 17/03/2023 375.00   BOOK    
        CRC Fr. Agnel's C.Rodrigues College of Engineering Fr. Agnel's C.Rodrigues- College of Engineering 17/03/2023 Dharma Enterprises 281.25 1577 dt 06/08/2009 1 4.65 KAS 19901 05/06/2023 375.00   BOOK 20/04/2011 05/06/2023